| 000 | 01224nam0a22002771 4500 | ||
|---|---|---|---|
| 001 | rc\928508 | ||
| 005 | 20250622044822.0 | ||
| 035 | _a(NLR Aleph) 006101986 | ||
| 090 |
_a5268640 _c5268640 |
||
| 100 | _a20041129d1982 |||y0rusy50 ca | ||
| 101 | 0 | _arus | |
| 102 | _aRU | ||
| 105 | _ay ||||||||| | ||
| 200 | 1 |
_aОпыт межотраслевого сотрудничества Челябинского торгового центра _fВ.Т. Сидой, к. э. н. |
|
| 210 |
_aМ. _cЦНИИТЭИ торговли _d1982 |
||
| 215 |
_a66 с. _d20 |
||
| 225 | 1 |
_aГосударственная торговля _iСерия "Торговля" _eОбзор. информ. _fЦНИИ науч., техн. и экон. информ. в торговле и обществ. питании _vВып. 2. В помощь слушателям экон. семинаров |
|
| 300 | _aНа обл. авт. не указан | ||
| 300 | _aВ надзаг. также: М-во торговли СССР | ||
| 320 | _aБиблиогр.: с. 64 | ||
| 700 | 1 |
_aСидой _bВ.Т. _gВиктор Трофимович |
|
| 801 | 0 |
_aRU _bNLR _gpsbo |
|
| 801 | 1 |
_aRU _bELAR _2rusmarc |
|
| 852 |
_aNLR _jП22/3526 |
||
| 942 | _cBOOK | ||
| 980 | _aNB | ||